MARC

LEADER 00000nam0a2200000 4500
001 368950
005 20231102012132.0
035 |a (RuTPU)RU\TPU\retro\26332 
090 |a 368950 
100 |a 20220425d1979 m y0rusy50 ca 
101 0 |a rus 
102 |a UA 
105 |a a j 001zy 
200 1 |a Расчет и конструирование высоковольтных емкостных накопителей энергии  |e текст лекций  |f В. В. Конотоп  |g Харьковский политехнический институт 
210 |a Харьков  |c Изд-во ХПИ  |d 1979 
215 |a 48 с.  |c ил. 
320 |a Библиогр.: с. 47 
606 1 |a Накопители энергии высоковольтные  |x Конструкция и расчет  |2 stltpush  |3 (RuTPU)RU\TPU\subj\44798  |9 64078 
610 1 |a переходные процессы 
610 1 |a анализ 
610 1 |a контур разряда 
610 1 |a отказы 
610 1 |a емкостные накопители 
610 1 |a надежность 
610 1 |a лекции 
610 1 |a учебные пособия 
675 |a 621.319.4.027.3(075.8)  |v 4 
700 1 |a Конотоп  |b В. В.  |g Владлен Викторович 
712 0 2 |a Харьковский политехнический институт  |c (1929- )  |2 stltpush  |3 (RuTPU)RU\TPU\col\291  |9 23325 
801 1 |a RU  |b 63413507  |c 20220425 
801 2 |a RU  |b 63413507  |c 20220425  |g RCR 
942 |c BK